Europe in the XIXth & XXth centuries, 1815-1939 / (Record no. 25675)
[ view plain ]
| 000 -LEADER | |
|---|---|
| fixed length control field | 01155nam a2200313 a 4500 |
| 001 - CONTROL NUMBER | |
| control field | 25675 |
| 003 - CONTROL NUMBER IDENTIFIER | |
| rucl marc code | (BD-RJUL) 25745 |
| 005 - DATE AND TIME OF LATEST TRANSACTION | |
| control field | 20211209050918.0 |
| 008 - FIXED-LENGTH DATA ELEMENTS--GENERAL INFORMATION | |
| fixed length control field | 170222s1954 enkbc 001 0 eng d |
| 035 ## - SYSTEM CONTROL NUMBER | |
| System control number | (BD-RjUL) |
| 040 ## - CATALOGING SOURCE | |
| Original cataloging agency | BD-RJUL |
| Transcribing agency | BD-RJUL |
| Modifying agency | BD-RJUL |
| Language of cataloging | eng |
| 041 ## - LANGUAGE CODE | |
| Language code of text/sound track or separate title | eng |
| 082 ## - DEWEY DECIMAL CLASSIFICATION NUMBER | |
| Classification number | 940.28 |
| Author mark and year | LIE 1954 |
| Edition number | 23 |
| 100 1# - MAIN ENTRY--PERSONAL NAME | |
| Personal name | Lipson, E. |
| Fuller form of name | (Ephraim), |
| Dates associated with a name | 1888-1960. |
| 9 (RLIN) | 75282 |
| 245 10 - TITLE STATEMENT | |
| Title | Europe in the XIXth & XXth centuries, 1815-1939 / |
| Statement of responsibility, etc. | by E. Lipson |
| 250 ## - EDITION STATEMENT | |
| Edition statement | 6th ed. |
| 260 ## - PUBLICATION, DISTRIBUTION, ETC. (IMPRINT) | |
| Place of publication, distribution, etc. | London : |
| Name of publisher, distributor, etc. | Adam and Charles Black, |
| Date of publication, distribution, etc. | C1960 [reprinting 1953] |
| 300 ## - PHYSICAL DESCRIPTION | |
| Pagination | x,500 p., [12] leaves of plates : |
| Illustrations | ill. ; |
| Size | 23 cm |
| 500 ## - GENERAL NOTE | |
| General note | Comprising the 9th ed. of "Europe in the XIXth century" and the 7th ed. of "Europe 1914-1939." |
| 504 ## - BIBLIOGRAPHY, ETC. NOTE | |
| Bibliography, etc | Includes index |
| Bibliography, etc | Includes index |
| 650 ## - SUBJECT ADDED ENTRY--TOPICAL TERM | |
| Topical term or geographic name as entry element | Europe |
| General subdivision | History |
| 9 (RLIN) | 192099 |
| 651 #0 - SUBJECT ADDED ENTRY--GEOGRAPHIC NAME | |
| Geographic name | Europe |
| General subdivision | History |
| Chronological subdivision | 1789-1900 |
| 9 (RLIN) | 69784 |
| Geographic name | Europe |
| General subdivision | History |
| Chronological subdivision | 1914 |
| 9 (RLIN) | 78883 |
| 942 ## - ADDED ENTRY ELEMENTS (KOHA) | |
| Source of classification or shelving scheme | Dewey Decimal Classification |
| Koha item type | Books |
| Lost status | Source of classification or shelving scheme | Damaged status | Not for loan | Collection code | Permanent Location | Current Location | Shelving location | Date acquired | Source of acquisition | Cost, normal purchase price | Total Checkouts | Full call number | Date last seen | Copy number | Koha item type |
|---|---|---|---|---|---|---|---|---|---|---|---|---|---|---|---|
| Dewey Decimal Classification | Non-fiction | Central Library, University of Rajshahi | Central Library, University of Rajshahi | 05/02/1973 | Britain | 0.00 | 940.28 LIE 1972 | 19/03/2014 | C-10 | Books | |||||
| Dewey Decimal Classification | Not For Loan | Non-fiction | Central Library, University of Rajshahi | Central Library, University of Rajshahi | Reading Room | 20/09/1955 | B.H. Blackwell | 1.10 | 940.28 LIE 1954 | 22/02/2017 | C-1 | Books |